00620nam a2200181 i 450000100060000000300090000600500170001500700030003200800410003510000360007624500750011225000150018726000310020230000340023385200320026799900170029995201220031668015ES-MaACL20230906170204.0t|040217s1964 sp ||||1| spa d1 aGandía Gomar, Vicente.95384010aProblemas de mecánica y termología / cpor Vicente Gandía Gomar. a[2ª ed.]. aSevilla : b[s.n., c1964] aIV, 340 p. : bil. ; c22 cm. aES-MaACLjC-25911 bR.54397 c68015d68015 00104070aATENEOMbATENEOMcDEPO2d2008-01-17eSCl0oC-25911p1071207r2023-02-23 00:00:00w2023-02-23yMONOGRAFIA